| 000 | 00885nam a2200229Ia 4500 | ||
|---|---|---|---|
| 999 |
_c41948 _d41948 |
||
| 001 | 8632 | ||
| 003 | GE_BSU | ||
| 005 | 20211222115754.0 | ||
| 008 | 181216s||||||||xx |||||||||||||| ||und|| | ||
| 020 | _a9789941171957 | ||
| 040 | _cGE_BSU | ||
| 041 | _ageo | ||
| 080 | _a338.22(075.8) მ-58 | ||
| 100 |
_aმესხია, იაშა (იაკობ) _913333 |
||
| 245 |
_aბიზნესის საფუძვლები _b [სახელმძღვ.] / _c იაშა (იაკობ) მესხია ; [რედ. ავთანდილ სილაგაძე] ; თსუ. |
||
| 264 |
_aთბილისი : _bთსუ, _c2011. |
||
| 300 |
_a521 გვ. ; _b20 სმ. |
||
| 504 | _aბიბლიოგრ.: გვ. 510-517. | ||
| 653 | _aბიზნესის საფუძვლები | ||
| 710 |
_aთსუ. _913334 |
||
| 942 |
_cBK _2udc |
||